000 00654nam a2200181 a 4500
008 120416s1975 ||||||||||||||||| || u
050 _aKD 203.E8 Wat
100 _aWatson, John A. F
245 1 0 _aNothing but the truth
246 _aexpert evidence in principle and practice for surveyors, valuers and others
250 _a2nd ed
260 _aLondon
_bThe Estates Gazette
_c1975
300 _axvi, 126p.
350 _a0.00
650 _aEVIDENCE, EXPERT--GREAT BRITAIN
650 _aLAW
995 _D0.00
_FCBU-MAIN LIBRARY (Kitwe)
_H1
_I3.50
_M1
_UAVAILABLE
_ZAnnex Low-Usage Collection
999 _c52398
_d52398